01252nam a2200361 a 450000100060000000300080000600500170001400600190003100700150005000800410006502000180010602000180012403500230014203500240016503500250018903500220021404000260023605000200026208000140028208200120029610000250030824501670033326000450050030000110054553301640055665000130072065000130073365500270074670000190077371000190079285600620081199900170087337746FlNmELB20241216221526.0m o d | cr cn|||||||||130205r2013 sp |||||s|||||||||||spa d z9788495348951 z9788494043321 a(MiAaPQ)EBC3211787 a(Au-PeEL)EBL3211787 a(CaPaEBR)ebr10693085 a(OCoLC)1105866274 aFlNmELBbspacFlNmELB 4aQ23bA1613 2013 a00(00045)04a5052231 aAbrams, Nancy Ellen.13aEl nuevo universo y el futuro de la humanidadh[recurso electronico]bcómo la nueva ciencia del cosmos transformar el mundo /cNancy Ellen Abrams, Joel Primack. aBarcelona :bAntoni Bosch editor,c2013. a209 p. aRecurso electrónico. Santa Fe, Arg.: e-libro, 2015. Disponible vía World Wide Web. El acceso puede estar limitado para las bibliotecas afiliadas a e-libro. 0aScience. 4aCiencia. 4aLibros electrónicos.1 aPrimack, Joel.2 ae-libro, Corp.40uhttps://elibro.net/ereader/politecnicointernacional/60095 c37746d37746